000 00985nam a22003730a 4500
001 PT32458
003 AR-LpoUNG
005 20210131225957.0
008 191001s1999||||sp |||||||||||||||||spa d
020 _a844601033X
_c$60
040 _aAR-LpoUNG
_bspa
_cAR-LpoUNG
_eaacr
041 _aspa
044 _asp
082 0 _aR930 741his
100 1 _aSpeake, Graham
_eed.
245 1 0 _aDiccionario Akal de historia del mundo antiguo
260 _aMadrid :
_bAkal,
_c1999.
300 _a428 p. :
_bmapas, tbls.
650 4 _aANALISIS HISTORICO
650 4 _aDICCIONARIOS
650 4 _aGRECIA
650 4 _aHISTORIA
650 4 _aHISTORIA POLITICA
650 4 _aHISTORIA SOCIAL
650 4 _aMATERIAL DE REFERENCIA
650 4 _aROMA
651 4 _aMundial
653 _aHISTORIA ANTIGUA
700 1 _aBouyssou, Marie-Pierre
_etr.
700 1 _aGarcía Quintela, Marco V.
_etr.
700 1 _aLópez Barja de Quiroga, Pedro
_eed.
905 _a32458
942 _cLSALA
999 _c733
_d733